000
00282nam a2200121Ia 4500
008
190216s9999||||xx |||||||||||||| ||und||
100
_a
Munshi Remchand
245
0
_a
Sati Tatha Anya Kahniya
260
_b
Rashtiya Rajadhani
_c
2013
300
_a
267
650
_a
Hindi
942
_c
BK
999
_c
16918
_d
16918